Operating systems : design and implementation (Record no. 173830)

MARC details
000 -LEADER
fixed length control field 00490nam a2200169Ia 4500
008 - FIXED-LENGTH DATA ELEMENTS--GENERAL INFORMATION
fixed length control field 231217s9999 xx 000 0 und d
041 ## - LANGUAGE CODE
Language code of text/sound track or separate title English
082 ## - DEWEY DECIMAL CLASSIFICATION NUMBER
Classification number 001.642 TAN;19
100 ## - MAIN ENTRY--PERSONAL NAME
Personal name Tanenbaum, Andrew S. Woodhull, Albert S. Woodhull, Albert S
245 #0 - TITLE STATEMENT
Title Operating systems : design and implementation
250 ## - EDITION STATEMENT
Edition statement 2nd ed.
260 ## - PUBLICATION, DISTRIBUTION, ETC.
Date of publication, distribution, etc. 1997
Name of publisher, distributor, etc. Pearson Education (Singapore)
Place of publication, distribution, etc. Delhi
300 ## - PHYSICAL DESCRIPTION
Extent xvii+939
300 ## - PHYSICAL DESCRIPTION
Dimensions CD1675
650 ## - SUBJECT ADDED ENTRY--TOPICAL TERM
Topical term or geographic name entry element Operating,systems,:
942 ## - ADDED ENTRY ELEMENTS (KOHA)
Koha item type Books
Holdings
Date last seen Total checkouts Full call number Accession number Cost, total (INR) price Price effective from Category Lost status Damaged status Department Withdrawn status Home library Current library Shelving location Entry date Vendor Cost, normal purchase price Grants Billnumber Billdate Currency symbol Conversion rate Discount Old discount
26/01/2024   001.642 TAN;19 31789 296.25 26/01/2024 Books     Central Library   Central Library Central Library Central Library 21/01/2005 I K International 395.00 TC 1634 04/09/2007 RS 1 98.75 25
26/01/2024   001.642 TAN;22 36706 316.00 26/01/2024 Books     Central Library   Central Library Central Library Central Library 13/06/2005 Sapna Book House 395.00 TC 27804 10/06/2004 RS 1 79 20

© For any Suggestions or Query, please contact the library staff @ librarian@pes.edu or Phone: +9180 2672 1983/ 2108.